Western Australia Electorates with map - Statistics

General Stats
  • This quiz has been taken 40 times
  • The average score is 31 of 59
Answers on the Map
Answers color-coded by a green-red scale on the quiz's map according to % correct below.
 
Answer Stats
Electorate Party % Correct
Perth -
100%
Fremantle -
85%
Geraldton -
81%
Pilbara -
81%
Rockingham -
81%
Albany -
78%
Kimberley -
74%
South Perth -
70%
Bunbury -
67%
Churchlands -
67%
Armadale -
63%
Joondalup -
63%
Midland -
63%
Vasse -
63%
Central Wheatbelt -
59%
Cottesloe -
59%
Kalamunda -
59%
Kalgoorlie -
59%
Mandurah -
59%
Mid-West -
59%
Nedlands -
59%
Bicton -
52%
Carine -
52%
Cockburn -
52%
Dawesville -
52%
Kwinana -
52%
Roe -
52%
Swan Hills -
52%
Bateman -
48%
Cannington -
48%
Jandakot -
48%
Morley -
48%
Mount Lawley -
48%
Murray-Wellington -
48%
Scarborough -
48%
Thornlie -
48%
Victoria Park -
48%
West Swan -
48%
Bassendean -
44%
Belmont -
44%
Butler -
44%
Collie-Preston -
44%
Darling Range -
44%
Maylands -
44%
Southern River -
44%
Wanneroo -
44%
Baldivis -
41%
Hillarys -
41%
Balcatta -
37%
Forrestfield -
37%
Landsdale -
37%
Secret Harbour -
37%
Warren-Blackwood -
37%
Girrawheen -
33%
Mindarie -
33%
Oakford -
33%
Bibra Lake -
30%
Kingsley -
30%
Riverton -
30%
No matching quizzes found
Score Distribution
Percent of People with Each Score
Percentile by Number Answered
Your Score History
You have not taken this quiz